|
|
|
|
| LEADER |
01246cam a2200289 a 4500 |
| 001 |
3350045 |
| 003 |
GR-PaULI |
| 005 |
20241108063406.0 |
| 008 |
860114s1986 gw a b 000 0 eng |
| 952 |
|
|
|0 0
|1 0
|2 ddc
|4 0
|6 Π_Σ_530_000000000000000_CAT
|7 0
|8 NFIC
|9 230532
|a LISP
|b LISP
|c REF
|d 2019-03-04
|i 139651
|l 0
|o Π/Σ 530 CAT
|p 025000043986
|r 2019-03-04 00:00:00
|t 1
|v 2019.00
|w 2019-03-04
|y BK15
|
| 999 |
|
|
|c 140054
|d 140054
|
| 010 |
|
|
|a 86001806
|
| 020 |
|
|
|a 0387160965
|c
|
| 020 |
|
|
|a 3540160965
|
| 040 |
|
|
|a DLC
|c GR-PaULI
|d
|b gre
|e AACR2
|
| 082 |
0 |
4 |
|a 530
|2 23
|
| 245 |
0 |
0 |
|a Categories in continuum physics :
|b lectures given at a workshop held at SUNY, Buffalo, 1982 /
|c edited by F.W. Lawvere and S.H. Schanuel.
|
| 260 |
|
|
|a Berlin ;
|a New York :
|b Springer-Verlag,
|c c1986.
|
| 300 |
|
|
|a 126 σ. :
|b εικ. ;
|c 25 εκ.
|
| 490 |
1 |
|
|a Lecture notes in mathematics
|v 1174.
|
| 504 |
|
|
|a Περιλαμβάνει βιβλιογραφία.
|
| 650 |
|
4 |
|9 2689
|a Φυσική
|
| 700 |
1 |
|
|a Lawvere, F. W
|9 47945
|e επιμελητής.
|
| 700 |
1 |
|
|a Schanuel, S. H.
|q (Stephen Hoel),
|d 1933-
|9 174375
|e επιμελητής.
|
| 830 |
|
0 |
|a Lecture notes in mathematics (Springer-Verlag)
|v 1174.
|9 161263
|
| 942 |
|
|
|2 ddc
|c BKN
|
| 998 |
|
|
|c ΜΠΟΥΡΑΣ
|d 2019-01
|